[Event "5th Pontevedra Open 2017"]
[Site "Pontevedra"]
[Date "2017.08.11"]
[Round "5"]
[White "Erdogdu, Mert"]
[Black "Silva, Luis Neves Da"]
[Result "1/2-1/2"]
[WhiteElo "2423"]
[BlackElo "2354"]
[Annotator "TA"]
[PlyCount "133"]
[EventDate "2017.??.??"]
[EventCountry "ESP"]
[SourceTitle "playchess.com"]
[Source "ChessBase"]
[SourceQuality "1"]

{[%evp 10,133,9,11,19,16,16,16,12,9,8,8,8,16,8,14,43,34,36,17,16,16,35,11,8,7,15,0,8,1,1,5,2,2,6,5,5,0,0,0,0,0,13,6,7,8,14,14,14,0,0,0,15,8,9,0,22,22,30,22,30,30,36,30,30,30,31,24,25,31,27,24,31,31,31,7,31,31,31,31,31,31,31,31,34,24,24,24,24,24,24,0,16,0,25,0,0,0,0,0,4,0,0,0,0,0,0,0,0,0,0,0,0,0,0,0,0,0,0,0,0,0,0,0,0,0]} 1. c4 e6 2. Nc3 d5 3. d4 Nf6 4. Nf3 a6 5. c5 (5. cxd5 exd5 6. Bf4 Bd6 7. Bg3 O-O 8. e3 Bf5 9. Qb3 Bxg3 10. hxg3 Nc6 11. Be2 Qd6 12. O-O Ne7 13. Ne5 h5 {0-1 (39) Karjakin,S (2783)-Adams,M (2761) Shamkir 2017}) 5... Be7 6. Bf4 {LiveBook: 15 Games. D37: Queen's Gambit Declined: 5 Bf4} Nh5 7. e3 Nxf4 8. exf4 b6 9. b4 a5 10. a3 $1 axb4 11. axb4 Rxa1 12. Qxa1 bxc5 13. bxc5 O-O 14. Bd3 $146 Nc6 15. O-O Bf6 16. Ne2 Bd7 17. Qc3 g6 18. g3 Qb8 19. Rb1 Qa7 20. Ne5 Bxe5 21. fxe5 Rb8 22. Rxb8+ Qxb8 23. f4 Qb4 24. Qxb4 Nxb4 $11 {[%mdl 4096] Endgame KBN-KBN} 25. Bb1 Bb5 26. Nc3 Bc4 27. Kf2 h5 28. Ke3 Kf8 29. Kd2 Nc6 30. Ke3 Nb4 31. Nd1 Ke7 32. Kd2 Kd7 33. Kc3 Nc6 34. Bc2 Bb5 35. Ne3 Ne7 36. h3 Kd8 37. g4 (37. Kb4 $5 {[%cal Rb4b5]} Be2 38. Ba4 $14) 37... hxg4 38. hxg4 Bd7 39. Bd1 Ke8 40. Bf3 Bc6 41. Nc2 Bb5 42. Nb4 Kd7 43. Bd1 Ke8 44. Kd2 Kd7 45. Bc2 Ke8 46. Ke3 Kf8 47. Na2 Kg7 48. Nc3 Bd7 49. Bd3 Kh6 50. Kf3 Nc6 51. Ke3 Ne7 52. Kf2 g5 {The position is equal.} 53. Ke3 (53. f5 $5) 53... gxf4+ 54. Kxf4 Bc6 55. Ne2 Ba4 56. Ng3 Bd1 57. g5+ Kg7 58. Ke3 Bg4 59. Bc2 Nc6 60. Ba4 Ne7 61. Bb5 (61. Kf4 {is more complex.} Bh3 62. Nh5+ Kf8 63. Nf6 Nf5 64. Ne8) 61... Nf5+ 62. Nxf5+ Bxf5 63. Kf4 Kg6 64. Be2 Kg7 65. Bh5 Bg6 66. Bf3 Bb1 67. Bh5 {Precision: White = 56%, Black = 74%.} 1/2-1/2

[Event "5th Pontevedra Open 2017"]
[Site "Pontevedra"]
[Date "2017.08.11"]
[Round "5"]
[White "Portela Peleteiro, Alberto"]
[Black "Petkov, Vladimir"]
[Result "0-1"]
[WhiteElo "2397"]
[BlackElo "2498"]
[Annotator "TA"]
[PlyCount "74"]
[EventDate "2017.??.??"]
[EventCountry "ESP"]
[SourceTitle "playchess.com"]
[Source "ChessBase"]
[SourceQuality "1"]

{[%evp 21,74,17,40,-22,33,0,14,-53,-45,-52,-52,-50,-52,-52,-45,-49,-23,-23,-22,-31,-14,-11,-7,-12,-19,-41,-57,-58,-58,-54,-52,-61,-55,-66,-52,-52,-52,-52,-54,-54,-67,-80,-80,-393,-409,-393,-194,-452,-456,-464,-461,-533,-531,-519,-503]} 1. e4 c5 2. Nf3 Nc6 3. Nc3 e6 4. d4 cxd4 5. Nxd4 Nf6 6. Be2 d6 7. O-O Be7 8. f4 O-O 9. Kh1 Bd7 10. Nb3 a5 {B83: Sicilian Scheveningen: 6 Be2, lines without ...a6} 11. a4 Nb4 {LiveBook: 12 Games} 12. e5 (12. Nd4 $14) 12... Ne8 ({Better is} 12... dxe5 $11 13. fxe5 Nfd5) 13. Be3 $146 ({Predecessor:} 13. Nb5 Bxb5 14. axb5 a4 15. Nd4 dxe5 16. fxe5 Bc5 17. c3 Bxd4 18. cxd4 {½-½ (51) Smagin,S (2520)-Boensch,U (2530) Berlin East 1990}) 13... Bc6 14. exd6 (14. Bg1 $1 $11) 14... Nxd6 $15 15. Nd4 Nf5 16. Nxc6 bxc6 17. Bg1 Qxd1 (17... Qc7 {is more complex.} 18. Bg4 Bf6 19. Qe2 Nd5 20. Nxd5 cxd5 21. Rad1 Rfe8) 18. Bxd1 Rfd8 19. Ne4 Rab8 20. b3 g6 21. g4 Nd6 22. Nxd6 Bxd6 23. Be2 Nxc2 24. Rac1 Nb4 25. f5 exf5 26. gxf5 g5 $36 {[%mdl 2048] Black has some pressure.} 27. f6 Bf4 28. Rc5 Rd5 29. Bc4 Rxc5 30. Bxc5 Nd5 31. Re1 h5 32. Re7 $2 {[%mdl 8192]} (32. Kg2 $17) 32... Nxe7 $19 33. fxe7 g4 {[#]} (33... Bd2 $142 {Hoping for ...Re8.} 34. Bb6 Re8) 34. Bf1 $2 {[#]} (34. b4 $1 {[%mdl 512] keeps fighting.}) 34... Bg5 $1 {Black is clearly winning.} 35. Bg2 Rc8 36. Bd6 f5 37. Bf1 Re8 {Precision: White = 28%, Black = 60%.} 0-1

[Event "5th Pontevedra Open 2017"]
[Site "Pontevedra"]
[Date "2017.08.11"]
[Round "5"]
[White "Konguvel, Ponnuswamy"]
[Black "Pena Gomez, Manuel"]
[Result "0-1"]
[WhiteElo "2383"]
[BlackElo "2468"]
[Annotator "TA"]
[PlyCount "154"]
[EventDate "2017.??.??"]
[EventCountry "ESP"]
[SourceTitle "playchess.com"]
[Source "ChessBase"]
[SourceQuality "1"]

{[%evp 19,154,15,31,8,27,30,47,25,43,61,79,61,71,75,66,62,75,76,87,96,75,67,46,40,47,26,37,26,28,12,22,0,0,0,36,0,25,35,39,46,39,35,21,30,29,28,53,62,57,58,61,48,52,56,47,65,51,58,57,27,103,115,100,99,113,97,114,0,0,0,0,0,0,0,0,0,0,0,0,-22,-4,-47,-45,-123,-106,-172,-143,-172,-158,-259,-90,-153,-43,-124,-93,-107,-72,-785,-637,-29975,-29980,-29980,-29981,-29981,-29974,-29977,-29978,-29978,-29979,-29979,-29978,-29981,-29982,-29982,-29983,-29983,-29982,-29982,-29981,-29981,-29982,-29982,-29983,-29983,-29984,-29984,-29985,-29985,-29986,-29986,-29987,-29987,-29988,-29988,-29989,-29989,-29990]} 1. e4 c5 2. Nf3 e6 3. d4 cxd4 4. Nxd4 Nc6 5. Nc3 Qc7 6. Be3 a6 7. Qd2 Nf6 8. O-O-O Bb4 9. f3 {[%cal Bf2f3,Bf3f4][%mdl 32]} O-O {B48: Sicilian: Taimanov: 5 Nc3 Qc7 6 Be3 a6 without Be2} (9... Ne7 10. Nde2 b5 11. Kb1 Ba5 12. Qd4 Nc6 13. Qc5 Bb4 14. Qb6 Ba5 15. Qc5 Bb4 16. Qb6 Ba5 17. Qxc7 Bxc7 {½-½ (95) Amonatov,F (2620)-Wei,Y (2707) Doha 2016}) 10. g4 {[%cal Bg2g4,Bg4g5][%mdl 32]} Ne5 {LiveBook: 36 Games} 11. Rg1 (11. g5 $5 {[%cal Rg5f6]} Ne8 12. f4 $14) 11... d5 {aiming for ...dxe4.The position is equal.} 12. g5 Nh5 13. f4 Nc4 14. Bxc4 $1 Qxc4 15. Nde2 {[%cal Re4d5]} dxe4 16. Qe1 $1 Bc5 $146 ({Predecessor:} 16... Be7 17. Bd4 g6 {1-0 (32) Gburek,J (2465)-Karacsony,Z (2470) ICCF email 2012}) 17. Qf2 b6 18. Bxc5 Qxc5 19. Qxc5 ({But not} 19. Nxe4 $6 Qxf2 20. Nxf2 Bb7 $11) 19... bxc5 20. Nxe4 Bb7 21. N4c3 g6 22. Rd7 Bc6 23. Rd6 Rac8 24. Rgd1 Rfe8 (24... h6 $5) 25. Ng3 Nxf4 26. Nge4 {Strongly threatening Nf6+.} Ne2+ 27. Kd2 {Threatens to win with Nf6+.} Nxc3 28. Nf6+ Kh8 29. Kxc3 Rf8 30. Rf1 Kg7 31. Ng4 Rfd8 32. Rfd1 $1 Rxd6 33. Rxd6 $11 {[%mdl 4096] Endgame KRB-KRN} Kf8 34. Ne5 {[%mdl 1024] White has compensation.} Bb5 $1 35. b3 Ke7 36. Rb6 f6 37. Rb7+ Kd6 38. Nf7+ $1 Kc6 39. Re7 fxg5 (39... f5 $11 {keeps the balance.}) 40. a4 $16 ({Don't play} 40. Nxg5 $6 h6 $11) 40... Bf1 41. Rxe6+ Kd7 42. Nxg5 Rf8 {White should prevent ...h6.} 43. Re1 ({Better is} 43. Rb6 $16) 43... h6 $11 44. Ne4 Kc6 45. Nd2 Bh3 46. Re3 Bc8 47. Nc4 Rf2 48. Ne5+ Kc7 49. Nd3 ({Not} 49. Nxg6 $2 Bf5 $19) 49... Rxh2 50. Nxc5 h5 {[%cal Bh6h5,Bh5h4,Bh4h3,Bh3g2][%mdl 32]} 51. b4 (51. Re7+ $15 Kc6 52. Nd3) 51... h4 $1 $17 52. Ne6+ (52. Re7+ $17 Kd6 53. Re8) 52... Kd6 $19 53. Nd4 h3 54. Rg3 (54. Re8 $17 Bd7 55. Rh8) 54... Ke5 $2 (54... Rg2 $19 55. Rxg2 hxg2) 55. Rxg6 $17 {[#] And now Nf3+ would win.} Rg2 (55... Rf2 $1 $17 {...h2 is the strong threat.} 56. Rh6 Kf4 57. Ne6+ Bxe6 58. Rxe6 h2) 56. Rxg2 ({White should try} 56. Rh6 $15) 56... hxg2 $15 {KB-KN} 57. Ne2 Bd7 {Hoping for ...Ke4.} 58. b5 $2 {[%mdl 8192]} (58. Kd3 $17) 58... axb5 $19 59. axb5 Bxb5 {Black mates.} 60. Ng1 Ke4 61. Kd2 Bc4 62. Ke1 Ke3 63. Nh3 Be6 64. Ng1 Bg4 65. c4 Be6 66. c5 Bg4 67. c6 Be6 68. Ne2 Bc8 69. Ng1 Bg4 70. c7 Be6 71. Ne2 Bc8 72. Ng1 Bg4 73. c8=Q Bxc8 74. Ne2 Be6 75. Ng1 Bg4 76. Ne2 Kf3 77. Ng1+ {[#]} Kg3 $1 {Precision: White = 55%, Black = 65%.} 0-1

[Event "5th Pontevedra Open 2017"]
[Site "Pontevedra"]
[Date "2017.08.12"]
[Round "6"]
[White "Petkov, Vladimir"]
[Black "Firat, Burak"]
[Result "1/2-1/2"]
[WhiteElo "2498"]
[BlackElo "2482"]
[Annotator "TA"]
[PlyCount "43"]
[EventDate "2017.??.??"]
[EventCountry "ESP"]
[SourceTitle "playchess.com"]
[Source "ChessBase"]
[SourceQuality "1"]

{[%evp 40,43,0,0,5,0]} 1. d4 d5 2. c4 c6 3. Nf3 Nf6 4. cxd5 cxd5 5. Nc3 Nc6 6. Bf4 Bf5 7. e3 e6 8. Bd3 Bxd3 9. Qxd3 Bd6 10. Bxd6 Qxd6 11. O-O O-O 12. Rfc1 Rfc8 13. a3 a6 14. Rc2 Rc7 15. Rac1 Rac8 16. h3 h6 17. Ne2 {D14: Slav Defence: Exchange variation with ...Bf5} (17. Nd2 Na5 18. Ne2 Rxc2 19. Rxc2 Rxc2 20. Qxc2 Qc6 21. Qxc6 Nxc6 22. Nc3 Kf8 23. Kf1 Ke7 24. Ke2 Kd6 {½-½ (42) Dreev,A (2667)-Mamedyarov,S (2743) Dubai 2014}) 17... Ne7 18. Rxc7 Rxc7 19. Rxc7 Qxc7 20. Qc3 Qxc3 21. Nxc3 {[#] LiveBook: 15 Games} Ne8 $146 ({Predecessor:} 21... Nc6 22. Kf1 Kf8 23. Ke2 Ke7 {½-½ (31) Spasov,V (2594)-Radulski,J (2571) Albena 2011}) 22. Ne5 1/2-1/2

[Event "5th Pontevedra Open 2017"]
[Site "Pontevedra"]
[Date "2017.08.12"]
[Round "6"]
[White "Pap, Misa"]
[Black "Burmakin, Vladimir"]
[Result "0-1"]
[WhiteElo "2491"]
[BlackElo "2520"]
[Annotator "TA"]
[PlyCount "150"]
[EventDate "2017.??.??"]
[EventCountry "ESP"]
[SourceTitle "playchess.com"]
[Source "ChessBase"]
[SourceQuality "1"]

{[%evp 15,150,62,75,66,77,31,33,32,31,12,32,32,32,0,0,0,0,0,0,0,0,0,0,-25,-24,-29,-36,-35,-31,-29,-29,-39,-45,-31,-12,0,0,0,0,0,0,0,29,38,57,0,0,0,46,69,29,16,92,91,89,95,104,102,210,207,175,91,109,50,47,0,29,36,42,0,60,45,166,0,0,-170,-194,-413,-349,-2210,-2252,-1740,-920,-2300,-2193,-1939,-2058,-1827,-1919,-1787,-1409,-1372,-1228,-2593,-2973,-2705,-2662,-2722,-1685,-12837,-12837,-12837,-12838,-12838,-12839,-12839,-12839,-12838,-12838,-12843,-12843,-12843,-12844,-12844,-12845,-12845,-12845,-12846,-12846,-12847,-12847,-12848,-12849,-12849,-12849,-12850,-12849,-12850,-12849,-12850,-12849,-12849,-12849,-12849,-12848,-12849,-12849]} 1. e4 c6 2. d4 d5 3. Nd2 g6 4. h3 Bg7 5. Ngf3 Nh6 6. Bd3 O-O 7. O-O Nd7 {B12: Caro-Kann: Advance Variation} 8. Re1 Re8 {LiveBook: 3 Games} 9. e5 f6 {White is slightly better.} 10. exf6 $146 (10. Nb3 {seems wilder.} a5 11. a4 fxe5 12. dxe5 e6 13. c4) ({Predecessor:} 10. Nb3 Nf8 11. Bf4 Ne6 12. Bh2 f5 13. c4 b6 14. cxd5 cxd5 15. Nfd2 {½-½ (37) Tiviakov,S (2623)-Schetinin,A (2257) Moscow 2011}) 10... exf6 11. Rxe8+ Qxe8 12. Nf1 Nf8 13. c3 Be6 14. g4 Qd7 15. Bf4 Nf7 16. Ng3 Re8 17. Qc2 Bxg4 18. hxg4 Qxg4 19. Bc1 Qxf3 20. Be2 {[#]} Rxe2 $1 21. Qxe2 Qxe2 22. Nxe2 Ne6 23. a4 Bf8 24. Nf4 Ned8 25. b4 Nd6 26. b5 g5 27. Nh5 Kf7 28. Ba3 Kg6 29. Ng3 h5 {[%cal Bh7h5,Bh5h4][%mdl 32]} 30. Bc5 (30. Rb1 $14) 30... b6 $11 31. Bb4 h4 32. Nf1 Kf7 33. Ne3 (33. Bxd6 $5 Bxd6 34. Ne3 $11) 33... Ne4 (33... Nc4 $11) 34. Bxf8 Kxf8 35. bxc6 Nxc6 36. Nxd5 $16 {[%mdl 4096] Endgame Black must now prevent Re1. KRN-KNN} Kf7 (36... g4 $16 {is a better defense.}) 37. Re1 $18 Nd6 38. Nc7 (38. Kg2 $18) 38... Nc4 $16 39. Kg2 (39. Re8 $16) 39... Ne7 $14 40. Nb5 Nd5 41. Nxa7 g4 42. Nc6 Nf4+ ({Black should play} 42... Nd2 $1 $11) 43. Kh1 $1 Nd2 {[#]} (43... Kg6 $14) 44. Re3 $2 (44. d5 $1 $18 Nf3 (44... Nxd5 45. Rd1) 45. Re4 (45. Re7+ Kg6 $16) 45... Nxd5 46. Rxg4) 44... Nh3 $1 $11 {[%cal Rh3f2]} 45. Re2 $2 (45. Rxh3 $11 gxh3 46. Kh2) 45... Ne4 $1 $19 46. c4 $2 (46. d5) 46... Nhxf2+ 47. Rxf2 $2 (47. Kg1 g3 48. d5) 47... Nxf2+ {KN-KN. Black is clearly winning.} 48. Kg2 Nd3 49. c5 bxc5 50. a5 Nf4+ 51. Kg1 c4 {[%cal Bc5c4,Bc4c3][%mdl 32]} 52. a6 Nd5 53. a7 Nb6 54. d5 c3 55. Nd4 Ke7 56. Kf2 Kd7 57. Ke2 h3 58. Kf2 f5 {[%cal Bf6f5,Bf5f4][%mdl 32]} 59. Kg3 {[#]} f4+ $1 60. Kh2 (60. Kxf4 h2) 60... Na8 61. d6 Nb6 62. Kh1 g3 63. Kg1 f3 64. Nxf3 c2 65. Ne5+ Kxd6 {[%cal Rc2c1]} 66. Nd3 Kc7 67. Kf1 Kb7 68. Kg1 Kxa7 69. Kh1 Nd5 70. Kg1 Kb6 71. Kh1 Kb5 72. Kg1 Kc4 73. Nc1 Kc3 {( -> ...Nf4)} 74. Kh1 Kd2 75. Nb3+ Kd1 {Precision: White = 43%, Black = 64%.} 0-1

[Event "5th Pontevedra Open 2017"]
[Site "Pontevedra"]
[Date "2017.08.12"]
[Round "6"]
[White "Lillo Castany, Victor"]
[Black "Garcia Romero, Benjamin Abel"]
[Result "1-0"]
[WhiteElo "2382"]
[BlackElo "2217"]
[Annotator "TA"]
[PlyCount "71"]
[EventDate "2017.??.??"]
[EventCountry "ESP"]
[SourceTitle "playchess.com"]
[Source "ChessBase"]
[SourceQuality "1"]

{[%evp 15,71,27,60,35,57,22,77,65,62,57,170,178,301,163,210,185,258,168,309,116,145,158,319,287,335,335,327,277,291,248,387,387,406,404,410,325,368,363,360,357,367,371,366,370,412,400,504,488,496,441,739,622,631,620,5377,2210,29966,29967]} 1. e4 c5 2. Nf3 e6 3. d4 cxd4 4. Nxd4 Nc6 5. Nc3 Qc7 6. g3 a6 7. Bg2 Nf6 8. O-O Bb4 9. Re1 {B47: Sicilian: Taimanov: 5 Nc3 Qc7 6 f4, 6 g3 and 6 Be2} (9. Nce2 Bc5 10. Bg5 b5 11. a4 Bb7 12. axb5 Nxd4 13. Nxd4 Qe5 14. Nf3 Qxb2 15. Rb1 Qa2 16. Ne5 d6 17. Bxf6 gxf6 {½-½ (62) Vidit,S (2673)-Meskovs,N (2490) chess.com INT 2017}) 9... h5 10. Bg5 $146 (10. a3 $5 {[%cal Ra3b4]} Bxc3 11. bxc3 $14) ({Predecessor:} 10. Nxc6 dxc6 11. e5 Nd5 12. Qd4 Qb6 13. Qd3 Nxc3 14. bxc3 Bc5 15. Rd1 Bxf2+ 16. Kh1 Qc7 {0-1 (53) Dovzik,J (2406)-Schmidt,G (2335) Austria 2007}) 10... Ng4 (10... Ne5 $11) 11. Nxc6 $16 {White is better.} bxc6 12. Qd4 Bd6 ({Black should play} 12... Bf8 $14) 13. Qxg7 $18 Rf8 (13... Be5 $142 14. Bf4 Bxg7 15. Bxc7 Ra7) 14. Qd4 (14. e5 $142 Bxe5 15. Rxe5 Qxe5 16. Ne4) 14... Be5 15. Qd2 $40 {[%mdl 128] White attacks with force.} Rg8 (15... Qd6 $142 16. Qxd6 Bxd6) 16. Nd1 f6 {[#]} (16... Qd6 {was worth a try.} 17. h3 Qxd2 18. Bxd2 Nf6) 17. Bf4 $2 (17. Bh4 $1 $18 {and the rest is easy.}) 17... h4 {next ...Bxf4 is good for Black.} 18. Bxe5 Qxe5 $2 (18... Nxe5 $16 {is a better defense.} 19. Qh6 hxg3) 19. h3 hxg3 20. hxg4 Rxg4 21. fxg3 Rxg3 22. Re3 Qg5 (22... Rg7 $142 23. Rf3 Bb7) 23. Qf2 Rg4 24. Rf3 Qg7 25. Nc3 Bb7 26. Rf1 O-O-O 27. Rxf6 Kc7 28. Rf4 Rg5 {[#] Strongly threatening ...Rg8.} 29. Rf7 Qg6 {Hoping for ...Rg8.} 30. Qf4+ e5 31. Qd2 Rg3 32. R1f6 Qg4 (32... Qg5 $142 33. Qd6+ Kc8) 33. Qd6+ Kc8 34. Rf2 {Na4 is the strong threat.} Re3 35. Rf8 {Threatening mate with Rxd8+.} Re1+ 36. Kh2 {Precision: White = 54%, Black = 26%.} 1-0

[Event "5th Pontevedra Open 2017"]
[Site "Pontevedra"]
[Date "2017.08.12"]
[Round "6"]
[White "Silva, Luis Neves Da"]
[Black "Strikovic, Aleksa"]
[Result "0-1"]
[WhiteElo "2354"]
[BlackElo "2500"]
[Annotator "TA"]
[PlyCount "112"]
[EventDate "2017.??.??"]
[EventCountry "ESP"]
[SourceTitle "playchess.com"]
[Source "ChessBase"]
[SourceQuality "1"]

{[%evp 20,112,72,66,65,67,111,104,102,110,165,163,165,171,186,160,174,179,185,212,194,187,197,87,61,27,29,26,70,64,68,54,55,49,50,45,32,34,45,19,83,74,127,132,129,62,74,59,64,31,29,24,45,31,34,34,46,46,50,0,0,0,0,0,0,-32,0,0,-2,-3,0,0,0,0,0,-69,-39,-49,-45,-93,-93,-93,-95,-197,-95,-95,-12,-29992,-29993,-29993,-29994,-29994,-5072,-29995,-29996]} 1. d4 g6 2. e4 Bg7 3. c4 d6 4. Nc3 e5 5. Nf3 Nd7 6. Be2 Ngf6 7. O-O O-O 8. Qc2 c6 9. Rd1 Re8 10. d5 Qc7 {E94: King's Indian: Classical: 6 Be2 e5 7 0-0: Various Black 7th moves} (10... c5 11. Bg5 Qe7 12. a3 b6 13. b4 h6 14. Bd2 Nh5 15. g3 Ndf6 16. Nh4 Ng4 17. f3 Ngf6 18. Rab1 Nh7 19. bxc5 bxc5 {0-1 (34) Shchekachev,A (2531)-Fressinet,L (2702) Berlin 2015}) 11. Be3 {LiveBook: 6 Games} Ng4 12. Bg5 f6 {White is slightly better.} 13. Bd2 $146 ({Predecessor:} 13. Bh4 Nh6 14. Nd2 g5 15. Bg3 Nf8 16. b4 f5 17. exf5 Nxf5 18. Nde4 {1-0 (36) Marin,M (2579)-Nielsen,M (1942) Helsingor 2015}) 13... Qb6 14. Rf1 c5 (14... Nh6 $16 15. h3 Nf7) 15. Qc1 $18 f5 16. Nh4 Qd8 17. g3 Nf8 18. exf5 gxf5 19. Bxg4 fxg4 20. Bg5 Qc7 21. Ne4 (21. Qc2 $18 {is more deadly.}) 21... Ng6 $16 22. Nxg6 hxg6 23. f3 {Hoping for fxg4.} Bf5 24. Nf6+ Bxf6 $1 25. Bxf6 Qh7 $1 26. Qg5 Qh5 $1 27. Qxh5 gxh5 28. fxg4 Bxg4 29. Bg5 {Threatening Rf6.} Bh3 (29... a5 $11 {keeps the balance.}) 30. Rf6 Rf8 (30... Rad8 $142) 31. Rg6+ $1 Kh7 32. Rh6+ ({White should play} 32. Rxd6 $16 Bg4 33. Re1) 32... Kg7 $14 33. Rxh5 (33. Rxd6 $6 Rf5 $18) 33... Rh8 34. Rxh8 (34. Rh4 {with more complications.} Kf7 35. Rc1 Rxh4 36. gxh4 Rf8 37. Rc3) 34... Rxh8 {[%mdl 4096] Endgame KRB-KRB} 35. Kf2 Kf7 36. Re1 Rg8 37. Bd2 Rg4 38. b3 a6 39. Kf3 b5 40. cxb5 axb5 41. Be3 b4 42. a4 bxa3 {Threatens to win with ...Rb4.} 43. Ra1 Rb4 44. Rxa3 Kf6 45. Ra6 Kf5 46. Rxd6 Rxb3 47. Ke2 (47. Rc6 $11) 47... c4 {[%mdl 1024] Black has compensation.} 48. Rb6 Ra3 {Strongly threatening ...Ra2+.} 49. d6 Ra2+ $1 50. Kd1 Ke4 $1 {[%cal Re4e3]} ({Worse is} 50... Rxh2 51. d7 $16) 51. Bg5 (51. d7 $17 Bg4+ 52. Kc1 Bxd7 53. Bd2) 51... Kd3 ({Don't take} 51... Rxh2 52. Kc1 $15) (51... c3 $1 $19 {And now ...Kd3 would win.} 52. Kc1 Kd3) 52. Kc1 $17 Kc3 ({Of course not} 52... Rxh2 $6 53. d7 $1 $14 {[%mdl 512]}) (52... c3 $1 $17 {White must now prevent ...Bf5.} 53. Kb1 Ra4) 53. Bf6 $2 {[%mdl 8192] [#]} (53. Rb5 $11) 53... Re2 $1 {[%cal Re2e1]} 54. Kb1 Bf5+ 55. Ka1 Bc2 (55... Re1+ $142 56. Ka2 Bc2 57. Rb1 Bxb1+ 58. Ka3 Bc2 59. Bxe5+ Rxe5 60. h4 Ra5#) 56. Bxe5+ Rxe5 {Precision: White = 49%, Black = 46%.} 0-1

[Event "5th Pontevedra Open 2017"]
[Site "Pontevedra"]
[Date "2017.08.12"]
[Round "6"]
[White "Sanchez Aller, Fernando"]
[Black "Huerga Leache, Mikel"]
[Result "0-1"]
[WhiteElo "2337"]
[BlackElo "2446"]
[Annotator "TA"]
[PlyCount "70"]
[EventDate "2017.??.??"]
[EventCountry "ESP"]
[SourceTitle "playchess.com"]
[Source "ChessBase"]
[SourceQuality "1"]

{[%evp 10,70,40,-13,1,-8,18,17,12,19,22,-18,0,-4,-10,-14,-11,-12,-8,-7,-10,-12,-10,-35,-37,-38,-6,-39,-16,-21,-18,-20,-16,-28,-27,-23,-35,-35,-20,-35,-22,-97,0,-200,-196,-203,-197,-218,-222,-231,-193,-194,-194,-195,-194,-359,-359,-340,-344,-373,-365,-523,-520]} 1. Nf3 Nf6 2. g3 d5 3. Bg2 Nc6 4. d4 Bf5 5. O-O e6 {[#]} 6. b3 (6. c4 $1 $14 {[%mdl 512]}) 6... Be7 $11 {D02: 1 d4 d5 2 Nf3 sidelines, including 2...Nf6 3 g3 and 2...Nf6 3 Bf4} (6... h6 7. Bb2 a5 8. Ne5 Nxe5 9. dxe5 Ne4 10. c4 dxc4 11. Qc1 cxb3 12. Rd1 Qc8 13. Nd2 Nc5 14. Nxb3 {1-0 (53) Valsecchi,A (2376)-Petkov,V (2542) Padova 2011}) 7. Bb2 O-O 8. Nbd2 Ne4 {The position is equal.} 9. a3 Bf6 10. b4 $146 ({Predecessor:} 10. e3) 10... Nxd2 11. Qxd2 Be4 12. Ne5 Bxg2 13. Nxc6 Qe8 14. Kxg2 Qxc6 15. a4 Rfe8 16. b5 Qd7 17. e3 c6 18. Qb4 Rac8 19. Rfb1 Be7 20. Qb3 c5 {[%cal Bc6c5,Bc5d4][%mdl 32]} 21. c4 cxd4 22. cxd5 dxe3 {Hoping for ...Bc5.} 23. dxe6 Qxe6 24. Qxe6 fxe6 25. Bd4 (25. fxe3 $11 {keeps the balance.} Rc2+ 26. Kh3) 25... Bf6 (25... e2 $1 $17 {Threatens to win with ...Red8.} 26. Re1 e5 $1 {[%mdl 512]}) 26. Bxe3 $2 (26. Bxf6 $11 gxf6 27. fxe3) 26... Bxa1 $19 27. Rxa1 $11 {[%mdl 4096] Endgame KRR-KRB} a6 {[%cal Ba7a6,Ba6a5,Ba5a4,Ba4a3][%mdl 32]} 28. Rb1 a5 29. Bd2 b6 30. Be3 {[#]} Rc4 $1 31. Bxb6 Rxa4 32. Bc7 $2 (32. Bc5) 32... Rb4 $19 33. Ra1 a4 ({But not} 33... Rxb5 34. Rxa5 Rxa5 35. Bxa5 $19) 34. b6 Ra8 35. Rd1 (35. Ra3 {was necessary.}) 35... a3 {Precision: White = 37%, Black = 53%.} 0-1

[Event "5th Pontevedra Open 2017"]
[Site "Pontevedra"]
[Date "2017.08.12"]
[Round "6"]
[White "Ambartsumova, Karina"]
[Black "Yuffa, Daniil"]
[Result "1/2-1/2"]
[WhiteElo "2325"]
[BlackElo "2515"]
[Annotator "TA"]
[PlyCount "42"]
[EventDate "2017.??.??"]
[EventCountry "ESP"]
[SourceTitle "playchess.com"]
[Source "ChessBase"]
[SourceQuality "1"]

{[%evp 15,42,12,6,6,8,4,41,22,8,-32,-30,-34,-11,0,0,0,35,29,50,0,0,0,0,0,0,0,51,0,0]} 1. d4 Nf6 2. Nf3 d5 3. c4 c6 4. e3 a6 5. Qc2 Bg4 6. Ne5 {D11: Slav Defence: 3 Nf3 sidelines and 3...Nf6 4 e3 Bg4} (6. Nbd2 e6 7. Bd3 dxc4 8. Nxc4 Bxf3 9. gxf3 c5 10. dxc5 Bxc5 11. a3 b5 12. Ne5 Nbd7 13. Nxd7 Nxd7 {1-0 (39) Dreev,A (2667)-Laznicka,V (2679) Dubai 2014}) 6... Bh5 7. Nd2 e6 8. Bd3 Nbd7 {LiveBook: 4 Games} 9. Nxd7 Qxd7 10. O-O Rc8 $146 ({Predecessor:} 10... Bg6 11. b3 Bb4 12. Nf3 Bxd3 13. Qxd3 O-O {½-½ (13) Siebrecht,S (2394)-Van Delft,M (2372) Hamburg 2006}) 11. b3 c5 12. dxc5 Bxc5 13. Bb2 Bb4 14. Nf3 Bxf3 15. gxf3 dxc4 (15... Qe7 {feels hotter.} 16. f4 O-O 17. Rad1 Rfd8 18. Qe2 Rd7) 16. bxc4 Qc6 17. Bxf6 gxf6 18. Be4 Qxc4 19. Qxc4 Rxc4 20. Bxb7 Rg8+ 21. Kh1 a5 1/2-1/2